000 01359cam a22003737a 4500
003 CHAP
005 20220329141816.0
008 971013s1976 r 00010 d
010 _a74190
011 _a75162
035 _a84722
040 _cCHAP
090 _aFolleto 6536
100 0 0 _aCarmona B., Salvador.
_919021
245 0 _aCentro de adiestramiento y demostración en producción de leche C-41
260 _a(s.l.) :
_bFondo de Garantía y Fomento para la Agricultura, Ganadería y Avicultura,
_c1976
300 _a20 p.
_b: ilus.
590 _aBATCH-UPD
_b10
_c20130110
_lUCH01
_h0625
590 _aBATCH-UPD
_b10
_c20130110
_lUCH01
_h2331
590 _aBATCH-UPD
_b10
_c20130410
_lUCH01
_h0308
590 _aBATCH-UPD
_b10
_c20130410
_lUCH01
_h1640
590 _aBATCH-UPD
_b10
_c20130914
_lUCH01
_h0845
590 _aCONVERSION
_b10
_c20130109
_lUCH01
_h1341
650 1 4 _aGanado lechero
_xTrópicos.
_945303
650 1 4 _aIndustria lechera
_xTrópicos.
_957861
650 1 4 _aLeche
_xProducción.
_965400
700 0 _aSánchez de la Cruz, Pedro.
_9107455
901 _aBK
942 _cFOLL
949 _aFolleto 6536
_bBC
_cFOLL
_d-40201
_eTS1
_i84722
_si
949 _aFolleto 6536
_bBC
_cFOLL
_d-40202
_eTS2
_fc.2
_i84722
_si
949 _aFolleto 6536
_bBC
_cFOLL
_d-40203
_eTS2
_fc.3
_i84722
_si
949 _aFolleto 6536
_bBC
_cFOLL
_d-40204
_eTS2
_fc.4
_i84722
_si
999 _c74190
_d74190